00692nam a22002057a 450000500170000001000150001702000270003203500140005903700130007308200130008610000300009924500310012926000400016027000430020030000240024371000350026794200270030299900190032995201380034820240118112545.0 aENG-138929 c1980.00a9788176394154 aEN-122461 bDBAD/PUB a343.5407 aJain Akalank Kumar961035 aIndian Boiler Regulations/ a DelhibAkalank Publicationsc2022 bDelhia3622, Mori Gate, Delhi e110006 a614 pg.c29 cm(pbk) aRoma ChatterjeeeEditor959600 2ddccENh343.5407mAKA c200201d200201 001040718REFaZLSbZLSd2024-01-18eDBAD/PUBg1980.00l0o343.5407 AKApEN-122461r2024-01-18 00:00:00t1v1980.00w2024-01-18yEN